| 000 | 00485nam a2200193Ia 4500 | ||
|---|---|---|---|
| 003 | GCL | ||
| 008 | 140319s9999 xx 000 0 eng d | ||
| 040 |
_aGCL / _cGCL |
||
| 082 | 0 | 4 |
_a745.723 _bM D |
| 100 | 1 | _aMACKENZIE, NADIA | |
| 245 | 1 | 0 |
_aTHE DEMOCRATIVE PAINTERS / _cMACKENZIE, NADIA |
| 260 |
_a[S.N] : _bCRESSIDA BELL ، _c1996 |
||
| 300 | _a127 P | ||
| 650 | 0 | 4 | _aDECORATIVE PAINTER |
| 650 | 0 | 4 | _aARTS |
| 650 | 0 | 4 | _aPAINTING |
| 650 | 0 | 4 | _aDECORATIVE ARTS |
| 942 |
_2ddc _cBK |
||
| 999 |
_c14024 _d14024 |
||